| 000 | 01849nam a2200469 i 4500 | ||
|---|---|---|---|
| 001 | DIGUSALLE0013 | ||
| 003 | NyNyDIG | ||
| 006 | m o d | ||
| 007 | cr ||||||||||| | ||
| 008 | 200930s2017 ck a ob 000 0 spa d | ||
| 035 | _a(OCoLC)1222960931 | ||
| 040 |
_aDGITA _beng _erda _epn _cDGITA |
||
| 020 |
_a9789585400429 _qeBook _qpdf |
||
| 020 |
_a9585400421 _qeBook _qpdf |
||
| 020 |
_z9789585400412 _qimpreso |
||
| 020 |
_z9585400413 _qimpreso |
||
| 050 | 1 | 4 | _aTA345.5.M42 ebook |
| 082 | 0 | 4 | _a511.802553 |
| 100 | 1 |
_aArmas C., Ricardo J. de, _eauthor. |
|
| 245 | 1 | 0 |
_aIntroducción al modelado matemático con MatLab / _cRicardo J. de Armas C., Miryán Trujillo Cedeño. |
| 250 | _aPrimera edición. | ||
| 264 | 1 |
_aBogotá D.C. : _bEdicioines Unisalle, _c2017. |
|
| 300 |
_a1 online resource. : _billustrations. |
||
| 336 |
_atext _btxt _2rdacontent |
||
| 337 |
_acomputer _bc _2rdamedia |
||
| 338 |
_aonline resource _bcr _2rdacarrier |
||
| 347 |
_atext file _2rdaft |
||
| 347 | _bPDF | ||
| 500 | _a"Universidad de La Salle, Departamento de Ciencias Básicas." | ||
| 504 | _aIncludes bibliographical references. | ||
| 588 | 0 | _aOnline resource; title from PDF title page (Digitalia, viewed September 30, 2020) | |
| 650 | 0 |
_aMathematical models _xStudy and teaching (Higher) |
|
| 630 | 0 | 0 | _aMATLAB. |
| 655 | 0 | _aElectronic books. | |
| 700 | 1 |
_aTrujillo Cedeño, Miryán, _eauthor. |
|
| 791 | 2 |
_aDigitalia (Firm), _edistributor. |
|
| 793 | 0 |
_gDigitalia eBook Collection: _aUniversidad de La Salle |
|
| 776 | 0 | 8 |
_iPrint version: _aArmas C., Ricardo J. de. _tIntroducción al modelado matemático con MatLab. _bPrimera edición. _dBogotá D.C. : Ediciones Unisalle, 2017 _z9789585400412 |
| 856 | 4 | 0 |
_3Digitalia Hispánica _uhttps://www.digitaliapublishing.com/a/65586/ |
| 910 | _aPremium collection: 2020 | ||
| 942 | _cRAA | ||
| 999 |
_c260986 _d260986 |
||